Cities by Skyscrapers - Statistics

General Stats
  • This quiz has been taken 1,190 times
  • The average score is 11 of 20
Answer Stats
Picture Answer % Correct
New York City
98%
Dubai
97%
Kuala Lumpur
78%
Toronto
77%
Singapore
76%
Chicago
74%
Taipei
71%
London
67%
Shanghai
66%
Pyongyang
62%
Hong Kong
59%
San Francisco
50%
Tokyo
49%
Beijing
36%
Riyadh
35%
Frankfurt
27%
Guangzhou
25%
Moscow
22%
Bangkok
19%
Madrid
15%
No matching quizzes found
Score Distribution
Percent of People with Each Score
Percentile by Number Answered
Your Score History
You have not taken this quiz